توضيح الأحكام من بلوغ المرام / (رقم التسجيلة. 20445)

تفاصيل مارك
000 -الفاتح
حقل البيانات ثابتة الطول 01795cam a2200373 a 4500
003 - محدد رقم الضبط
رقم الضبط OSt
005 - وقت وتاريخ اخر تعامل مع التسجيلة
رقم الضبط 20150408114004.0
008 - عناصر البيانات ثابتة الطول - معلومات عامة
حقل البيانات ثابتة الطول 080424s2009 su g 000r0 ara c
020 ## - الرقم الدولى المعيارى للكتب
الرقم الدولى المعيارى للكتاب 9789960686301 (مجموعة)
020 ## - الرقم الدولى المعيارى للكتب
الرقم الدولى المعيارى للكتاب 9789960686318 (ج. 1)
020 ## - الرقم الدولى المعيارى للكتب
الرقم الدولى المعيارى للكتاب 9789960686325 (ج. 2)
020 ## - الرقم الدولى المعيارى للكتب
الرقم الدولى المعيارى للكتاب 9789960686332 (ج. 3)
020 ## - الرقم الدولى المعيارى للكتب
الرقم الدولى المعيارى للكتاب 9789960686349 (ج. 4)
020 ## - الرقم الدولى المعيارى للكتب
الرقم الدولى المعيارى للكتاب 9789960686356 (ج. 5)
020 ## - الرقم الدولى المعيارى للكتب
الرقم الدولى المعيارى للكتاب 9789960686363 (ج. 6)
020 ## - الرقم الدولى المعيارى للكتب
الرقم الدولى المعيارى للكتاب 9789960686370 (ج. 7)
020 ## - الرقم الدولى المعيارى للكتب
الرقم الدولى المعيارى للكتاب 9789960686387 (ج. 8)
040 ## - مصدر الفهرسة
وكالة الفهرسة الأصلية mu
لغة الفهرسة ara
وكالة النسخ mb
082 04 - رقم تصنيف ديوى العشرى
رقم التصنيف 237.3
رقم المادة ب ع ت
رقم الطبعة 21
100 1# - المدخل الرئيسى - إسم شخصى
الإسم الشخصى البسام، عبد الله بن عبد الرحمن بن صالح،
التواريخ المصاحبة للاسم 1346-1424 هـ.
245 10 - بيان العنوان
العنوان توضيح الأحكام من بلوغ المرام /
بيان المسئوليه,etc عبد الله بن عبد الرحمن بن صالح البسام ؛ مراجعة بسام بن عبد الله البسام.
250 ## - بيان الطبعة
بيان الطبعة ط. 2.
260 ## - PUBLICATION, DISTRIBUTION, ETC. (IMPRINT)
مكان الناشر او الموزع الرياض :
اسم الناشر او الموزع دار الميمان للنشر والتوزيع،
تاريخ النشر أو التوزيع [2009]
300 ## - الوصف المادى
التعداد 8 مج. (630 ؛ 694 ؛ 672 ؛ 694 ؛ 692 ؛ 528 ؛ 666 ؛ 304 ص.) ؛
أبعاد الوعاء 24 × 17 سم.
440 ## - بيان السلسلة/مدخل إضافى-العنوان
العنوان المؤلفات الكاملة
رقم المجلد/ التعيين التسلسلي 4
9 (RLIN) 9177
490 1# - بيان السلسلة
عنوان السلسلة المؤلفات الكاملة ؛
رقم المجلد/ التعيين التسلسلي 4
650 #7 - المدخل الاضافى بالموضوع-مصطلح موضوعى
مصطلح موضوعي أو اسم جغرافي كعنصر مدخل الحديث
التقسيم الفرعي العام أحكام
مصدر الرأس أو المصطلح aucsh
9 (RLIN) 430
650 #7 - المدخل الاضافى بالموضوع-مصطلح موضوعى
مصطلح موضوعي أو اسم جغرافي كعنصر مدخل الحديث
التقسيم الفرعي العام جوامع الفنون
مصدر الرأس أو المصطلح aucsh
700 1# - المدخل الاضافى - اسم شخصى
الإسم الشخصى البسام، بسام العبد الله
الدور مراجع.
9 (RLIN) 1186
700 12 - المدخل الاضافى - اسم شخصى
الإسم الشخصى ابن حجر العسقلاني، أحمد بن علي بن محمد،
التواريخ المصاحبة للاسم 773-852 هـ.
عنوان العمل بلوغ المرام من أدلة الأحكام.
9 (RLIN) 1187
740 02 - المدخل الاضافى - عنوان مرتبط/تحليلى غير مقيد
العنوان التحليلي/ الرابط غير مقيد بلوغ المرام من أدلة الأحكام.
800 1# - المدخل الاضافى بالسلسلة- اسم شخصى
الإسم الشخصى البسام، عبد الله بن عبد الرحمن بن صالح،
التواريخ المصاحبة للاسم 1346-1424 هـ.
عنوان العمل المؤلفات الكاملة
رقم المجلد / التعيين التسلسلي 4
9 (RLIN) 1188
942 ## - عناصر المدخل الإضافي( كوها)
مصدر التصنيف او مخطط الترفيف Dewey Decimal Classification
Koha [default] item type مراجع
المقتنيات
حالة الفقد نموذج السعر الفعال حالة تلف ليس للاعارة رقم الطلب تاريخ الاكتساب الموقع الحالي الباركود الفرع الرئيسي Total Renewals Date last checked out Date last seen نوع المادة فى نظام كوها مصدر التصنيف او خطة الترفيف Total Checkouts
  2013-03-10     237.3 ج1 ب ع ت 2012-01-06 مكتبة كلية العلوم و الدراسات الإنسانية برماح - طالبات (SRF) 00074055 مكتبة كلية العلوم و الدراسات الإنسانية برماح - طالبات (SRF)     2013-03-10 مراجع Dewey Decimal Classification  
  2013-03-10     237.3 ج1 ب ع ت 2012-01-06 مكتبة كلية العلوم و الدراسات الإنسانية برماح - طالبات (SRF) 00074062 مكتبة كلية العلوم و الدراسات الإنسانية برماح - طالبات (SRF)   2020-02-02 2020-02-02 مراجع Dewey Decimal Classification 5
  2013-03-10     237.3 ج2 ب ع ت 2012-01-06 مكتبة كلية العلوم و الدراسات الإنسانية برماح - طالبات (SRF) 00074053 مكتبة كلية العلوم و الدراسات الإنسانية برماح - طالبات (SRF)   2020-02-04 2020-02-04 مراجع Dewey Decimal Classification 2
  2013-03-10     237.3 ج2 ب ع ت 2012-01-06 مكتبة كلية العلوم و الدراسات الإنسانية برماح - طالبات (SRF) 00074078 مكتبة كلية العلوم و الدراسات الإنسانية برماح - طالبات (SRF)   2020-02-03 2020-02-04 مراجع Dewey Decimal Classification 2
  2013-03-10     237.3 ج3 ب ع ت 2012-01-06 مكتبة كلية العلوم و الدراسات الإنسانية برماح - طالبات (SRF) 00074079 مكتبة كلية العلوم و الدراسات الإنسانية برماح - طالبات (SRF)   2020-02-04 2020-02-05 مراجع Dewey Decimal Classification 3
  2013-03-10     237.3 ج3 ب ع ت 2012-01-06 مكتبة كلية العلوم و الدراسات الإنسانية برماح - طالبات (SRF) 00074063 مكتبة كلية العلوم و الدراسات الإنسانية برماح - طالبات (SRF)   2016-10-17 2016-11-27 مراجع Dewey Decimal Classification 1
  2013-03-10     237.3 ج4 ب ع ت 2012-01-06 مكتبة كلية العلوم و الدراسات الإنسانية برماح - طالبات (SRF) 00074054 مكتبة كلية العلوم و الدراسات الإنسانية برماح - طالبات (SRF)   2016-12-06 2016-12-11 مراجع Dewey Decimal Classification 2
  2013-03-10     237.3 ج4 ب ع ت 2012-01-06 مكتبة كلية العلوم و الدراسات الإنسانية برماح - طالبات (SRF) 00074065 مكتبة كلية العلوم و الدراسات الإنسانية برماح - طالبات (SRF)   2020-02-05 2020-02-05 مراجع Dewey Decimal Classification 1
  2013-03-10     237.3 ج5 ب ع ت 2012-01-06 مكتبة كلية العلوم و الدراسات الإنسانية برماح - طالبات (SRF) 00074056 مكتبة كلية العلوم و الدراسات الإنسانية برماح - طالبات (SRF)   2016-12-06 2016-12-15 مراجع Dewey Decimal Classification 4
  2013-03-10     237.3 ج5 ب ع ت 2012-01-06 مكتبة كلية العلوم و الدراسات الإنسانية برماح - طالبات (SRF) 00074066 مكتبة كلية العلوم و الدراسات الإنسانية برماح - طالبات (SRF)   2015-02-19 2015-03-10 مراجع Dewey Decimal Classification 1
  2013-03-10     237.3 ج6 ب ع ت 2012-01-06 مكتبة كلية العلوم و الدراسات الإنسانية برماح - طالبات (SRF) 00074074 مكتبة كلية العلوم و الدراسات الإنسانية برماح - طالبات (SRF)   2016-10-25 2016-12-13 مراجع Dewey Decimal Classification 2
  2013-03-10     237.3 ج6 ب ع ت 2012-01-06 مكتبة كلية العلوم و الدراسات الإنسانية برماح - طالبات (SRF) 00074082 مكتبة كلية العلوم و الدراسات الإنسانية برماح - طالبات (SRF)   2016-04-10 2016-04-10 مراجع Dewey Decimal Classification 3
  2013-03-10     237.3 ج7 ب ع ت 2012-01-06 مكتبة كلية العلوم و الدراسات الإنسانية برماح - طالبات (SRF) 00074067 مكتبة كلية العلوم و الدراسات الإنسانية برماح - طالبات (SRF)   2016-12-15 2016-12-15 مراجع Dewey Decimal Classification 5
  2013-03-10     237.3 ج7 ب ع ت 2012-01-06 مكتبة كلية العلوم و الدراسات الإنسانية برماح - طالبات (SRF) 00074059 مكتبة كلية العلوم و الدراسات الإنسانية برماح - طالبات (SRF)   2016-11-01 2016-11-01 مراجع Dewey Decimal Classification 2
  2013-03-10     237.3 ج8 ب ع ت 2012-01-06 مكتبة كلية العلوم و الدراسات الإنسانية برماح - طالبات (SRF) 00074068 مكتبة كلية العلوم و الدراسات الإنسانية برماح - طالبات (SRF)     2013-03-10 مراجع Dewey Decimal Classification  
  2013-03-10     237.3 ج1 ب ع ت 2011-12-29 مكتبة كلية العلوم و الدراسات الإنسانية برماح - طلاب (SRM) 00074077 مكتبة كلية العلوم و الدراسات الإنسانية برماح - طلاب (SRM) 1 2017-10-15 2017-10-15 مراجع Dewey Decimal Classification 3